| 000 | 00684nam a22002057a 4500 | ||
|---|---|---|---|
| 001 | 2541 | ||
| 003 | DO-SdBNP | ||
| 005 | 20180307114322.0 | ||
| 006 | 2541 | ||
| 008 | 160530b 1998 dr | |||| 00| 0 spa d | ||
| 020 | _a0311110495 | ||
| 040 |
_aBPMSU _bspa _cBPMSU |
||
| 100 | _aPatacsil, Priscila M. | ||
| 245 |
_aActividades educativas para preescolares : _buna antología de recursos para padres y maestros de niños de cuatro y cinco anos / _cPriscila M. Patacsil |
||
| 260 |
_aEl Paso, Tx : _bEditorial Mundo Hispano _c1988 |
||
| 300 |
_a172 p. : _bPartitura : _c23 cm. |
||
| 942 |
_2ddc _cBK |
||
| 945 | _ainventariado, 2018 / dg | ||
| 956 |
_aVMATEO _b10 _c20160530 _dBPMSU _f00069 |
||
| 999 |
_c10233 _d10233 |
||